00879cam a22002293a 450000100060000000300060000600500170001200800410002904000150007004200070008505000090009210000510010124502630015226000290041550600300044451600200047465300300049465300190052465300350054383000290057885600420060723224PGUSA20140828083508.0071027s2007||||xxu|||||s|||||000 | eng d aPGUSAbeng adc 4aE0111 aBandelier, Adolph Francis Alphonse,d1840-191410aHistorical Introduction to Studies Among the Sedentary Indians of New Mexico; Report on the Ruins of the Pueblo of Pecos :bPapers Of The Archæological Institute Of America, American Series, Vol. Ih[electronic resource] /cAdolph Francis Alphonse Bandelier bProject Gutenberg,c2007 aPublic domain in the USA. aElectronic text aNew Mexico -- Antiquities aPueblo Indians aPecos National Monument (N.M.) 0aProject Gutenbergv2322440uhttp://www.gutenberg.org/ebooks/23224